¡Huelga! : (Registro nro. 7078)

Detalles MARC
000 -LEADER
fixed length control field 01504cam a22002894a 4500
001 - CONTROL NUMBER
control field 16161086
003 - CONTROL NUMBER IDENTIFIER
control field OSt
005 - DATE AND TIME OF LATEST TRANSACTION
control field 20210206151403.0
008 - FIXED-LENGTH DATA ELEMENTS--GENERAL INFORMATION
fixed length control field 100112s2009 ck a rb f000 0 spa d
010 ## - LIBRARY OF CONGRESS CONTROL NUMBER
LC control number 2009511905
020 ## - INTERNATIONAL STANDARD BOOK NUMBER
International Standard Book Number 9789587191783
040 ## - CATALOGING SOURCE
Original cataloging agency CO-JMCR
Transcribing agency CO-JMCR
041 0# - LANGUAGE CODE
Language code of text/sound track or separate title spa
082 04 - DEWEY DECIMAL CLASSIFICATION NUMBER
Classification number 331.8929861 /
Item number S669h
Edition number 21
100 1# - MAIN ENTRY--PERSONAL NAME
Personal name Sánchez, Ricardo,
Relator term autor
9 (RLIN) 2638
245 11 - TITLE STATEMENT
Title ¡Huelga! :
Remainder of title luchas de la clase trabajadora en Colombia, 1975-1981 /
Statement of responsibility, etc. Ricardo Sánchez Ángel
250 ## - EDITION STATEMENT
Edition statement Primera edición
260 ## - PUBLICATION, DISTRIBUTION, ETC.
Place of publication, distribution, etc. Bogotá :
Name of publisher, distributor, etc. Universidad Nacional de Colombia,
Date of publication, distribution, etc. 2009
300 ## - PHYSICAL DESCRIPTION
Extent 485 páginas :
Other physical details fotografías a blanco y negro y color ;
Dimensions 24 cm.
504 ## - BIBLIOGRAPHY, ETC. NOTE
Bibliography, etc. note Bibliografía: páginas 439-462
505 0# - FORMATTED CONTENTS NOTE
Formatted contents note el resurgir de un paradigma -- La acción de los trabajadores y la historia -- El capitalismo en el siglo XX y el papel de los trabajadores en América Latina -- Las huelgas de los trabajadores en Colombia, 1975-1981 -- Las iras del azúcar -- Nosotras las obreras -- Huelga e iglesia: el movimiento bancario de 1976 -- Palo a los médicos -- El paro del 14 de septiembre de 1977 -- La huelga marinera -- Conclusiones
650 14 - SUBJECT ADDED ENTRY--TOPICAL TERM
Topical term or geographic name entry element Clase obrera.
General subdivision Actividad política.
Geographic subdivision Colombia.
General subdivision Historia.
Chronological subdivision Siglo XX
9 (RLIN) 12919
650 14 - SUBJECT ADDED ENTRY--TOPICAL TERM
Topical term or geographic name entry element Huelgas y cierres patronales.
Geographic subdivision Colombia.
General subdivision Historia.
Chronological subdivision Siglo XX
9 (RLIN) 12920
650 24 - SUBJECT ADDED ENTRY--TOPICAL TERM
Topical term or geographic name entry element Relaciones industriales.
Geographic subdivision Colombia.
General subdivision Historia.
Chronological subdivision Siglo XX
9 (RLIN) 12921
650 24 - SUBJECT ADDED ENTRY--TOPICAL TERM
Topical term or geographic name entry element Política laboral.
Geographic subdivision Colombia.
General subdivision Historia.
Chronological subdivision Siglo XX
9 (RLIN) 12922
942 ## - ADDED ENTRY ELEMENTS (KOHA)
Source of classification or shelving scheme Dewey Decimal Classification
Koha item type Books
Existencias
Withdrawn status Lost status Source of classification or shelving scheme Damaged status Not for loan Home library Current library Date acquired Total Checkouts Full call number Barcode Date last seen Copy number Price effective from Koha item type
    Dewey Decimal Classification     Biblioteca Pública José María del Castillo y Rada Biblioteca Pública José María del Castillo y Rada 01/31/2021   331.8929861 / S669h 201810143 05/16/2024 Ej.1 01/31/2021 Books